New currency is the cure for soviet monetary overhang.
Obsah referátu predneseného profesorom Dornbuschom z MTI na seminári MMF 13.12.1990. Obhajoba tézy o likvidácii peňažných prostriedkov v bývalom ZSSR a ich nahradení novou menou podľa rozvojových skúseností Nemecka zo 40. rokov. Modality realizácie tohoto kroku.
Enregistré dans:
| Auteur principal: | |
|---|---|
| Autres auteurs: | |
| Format: | Chapitre de livre |
| Langue: | anglais |
| Sujets: | |
| Tags: |
Pas de tags, Soyez le premier à ajouter un tag!
|
MARC
| LEADER | 00000naa a2200000 4500 | ||
|---|---|---|---|
| 001 | r006492 | ||
| 005 | 20221213084151.8 | ||
| 041 | 0 | |a eng | |
| 044 | |a US | ||
| 245 | 1 | 0 | |a New currency is the cure for soviet monetary overhang. |c R. Dornbusch, V.R. Khanna |
| 520 | |a Obsah referátu predneseného profesorom Dornbuschom z MTI na seminári MMF 13.12.1990. Obhajoba tézy o likvidácii peňažných prostriedkov v bývalom ZSSR a ich nahradení novou menou podľa rozvojových skúseností Nemecka zo 40. rokov. Modality realizácie tohoto kroku. | ||
| 610 | 2 | 0 | |a reformy menové |
| 610 | 2 | 0 | |a politika peňažná |
| 610 | 2 | 0 | |a ZSSR |
| 610 | 2 | 0 | |a prostriedky peňažné |
| 610 | 2 | 0 | |a mena |
| 610 | 2 | 0 | |a Medzinárodný menový fond |
| 610 | 2 | 0 | |a 1990 |
| 100 | 1 | |a Dornbusch, R. | |
| 700 | 1 | |a Khanna, V.R. | |